000 00442nam a2200157 4500
001 133069
003 ES-MaACL
005 20230906194322.0
007 t|
008 070214s1953 sp r ||||1| spa d
100 0 _aRúbert y Cándau, Luis.
_9100299
245 1 3 _aEl mar dormido en la arena /
_cLuis Rubert y Candau.
260 _aMadrid :
_bAthenea,
_c1953.
300 _a108 p., 1 lám. ;
_c21 cm.
852 _aES-MaACL
_jD-9066
_bR.33422
999 _c133069
_d133069